000 00563nam a2200193Ia 4500
005 20250508163558.0
008 008 250505s9999 xx 000 0 eng d
037 _aDissertations
040 _aFEDL
_beng
_cFEDL
041 _aeng
_2eng
084 _a363.7, PAC/DI
_qFEDL
100 _aPachauri Anupam
_9775673
245 0 _aImpact of EVS curriculum on the slum girl child : A case study
260 _c1998
300 _a100p.
546 _aM.Ed. Dissertation (Delhi University)
942 _cDIS
_h363.7, PAC/DI
999 _c1384186
_d1384186